Star Wars Episode IV - A New Hope Quotes - Statistics

General Stats
  • This quiz has been taken 380 times
  • The average score is 12 of 15
Answer Stats
Hint Answer % Correct
Help me, Obi-Wan Kenobi. You're my only ...... hope
98%
These aren't the ........ you're looking for. droids
97%
I've been waiting for you, Obi-Wan. We meet again, at last. The circle is now complete. When I left you, I was but the learner; now I am the ........ master
96%
That's no moon. It's a ....... station. space
95%
Aren't you a little short for a .............? stormtrooper
93%
I felt a great ........... in the Force, as if millions of voices suddenly cried out in terror and were suddenly silenced. disturbance
91%
I find your lack of faith .......... disturbing
88%
The Force will be with you, ......... always
80%
It's the ship that made the ............ in less than twelve parsecs. I've outrun Imperial starships. kessel run
80%
Hokey religions and ancient weapons are no match for a good ........ at your side, kid. blaster
78%
Will someone get this big walking .......... out of my way? carpet
74%
Governor Tarkin, I should have expected to find you holding Vader's leash. I recognized your foul ....... when I was brought on board. stench
73%
You're all clear, kid, now let's ......this thing and go home! blow
66%
It's not impossible. I used to bullseye ............. in my T-16 back home, they're not much bigger than two meters. womp rats
56%
I see your point, sir. I suggest a new strategy, R2: let the .......... win. wookiee
39%
No matching quizzes found
Score Distribution
Percent of People with Each Score
Percentile by Number Answered
Your Score History
You have not taken this quiz